Clic Qui joue dans ce film Ours d'or à Berlin de 1976 à 1999 - Statistiques

Statistiques générales
  • Ce quiz a été pris 10 fois
  • Le résultat moyen est 7 sur 31
Statistiques - réponses
Hint Extra Hint Réponse % Correct
1989 - Rain Man Etats-Unis Dustin Hoffman
89%
1995 - L'Appât France Marie Gillain
78%
1994 - Au nom du père Royaume-Uni / Irlande Daniel Day-Lewis
67%
1996 - Raison et Sentiments Etats-Unis / Royaume-Uni Emma Thompson
56%
1990 - Music Box Etats-Unis Jessica Lange
56%
1999 - La Ligne rouge Etats-Unis Sean Penn
56%
1977 - L'Ascension URSS Anatoli Solonitsine
33%
1990 - Alouettes, le fil à la patte Tchécoslovaquie Rudolf Hrušínský
33%
1997 - Larry Flynt Etats-Unis Woody Harrelson
33%
1998 - Central do Brasil Brésil Fernanda Montenegro
22%
1993 - Les Femmes du lac des âmes parfumées Chine Gaowa Siqin
22%
1984 - Love Streams Etats-Unis John Cassavetes
22%
1987 - Le Thème URSS Mikhaïl Oulianov
22%
1980 - Palermo Allemagne de l'Ouest Otto Sander
22%
1976 - Buffalo Bill et les Indiens Etats-Unis Paul Newman
22%
1993 - Garçon d'honneur Taïwan Winston Chao
22%
1978 - Ascensor Espagne Armando Aguirre
11%
1992 - Grand Canyon Etats-Unis Danny Glover
11%
1978 - Las truchas Espagne Héctor Alterio
11%
1978 - Las palabras de Max Espagne Maria De la Riva
11%
1988 - Le Sorgho rouge Chine Mo Yan
11%
1985 - La Femme et l'Étranger Allemagne de l'Est Peter Zimmermann
11%
1986 - Stammheim Allemagne de l'Ouest Ulrich Tukur
11%
1983 - La Ruche Espagne Victoria Abril
11%
1981 - Vivre vite ! Espagne Berta Socuéllamos
0%
1991 - La Maison du sourire Italie Ingrid Thulin
0%
1979 - David Allemagne de l'Ouest Irena Vrkljan
0%
1983 - Ascendancy Royaume-Uni Julie Covington
0%
1980 - Heartland Etats-Unis Rip Torn
0%
1982 - Le Secret de Veronika Voss Allemagne de l'Ouest Rosel Zech
0%
1985 - Wetherby Royaume-Uni Vanessa Redgrave
0%
Aucun quiz correspondant
Distribution des résultats
% des personnes avec chaque résultat
Percentile par nombre de réponses
Votre historique - résultats
Vous n’avez pas pris ce quiz